00518 a2200169 450000100060000002000180000604000370002410000210006124000510008224500460013330000070017936200090018665000240019594200070021995201050022699900170033174891 a9788506064351 cAnchieta - Colégio São Paulo aMuniz, Flávia.10aPrimeiras histórias: bichos incríveislpor10aPrimeiras histórias: bichos incríveis a310 a2005 4aLiteratura infantil cBK 00104070a88.1b88.1d2023-11-22l0oLI 028.5 M966pp6007/CSPr2023-11-22 14:32:04w2023-11-22yBK c74891d74891